| 000 | 00964 am a2200265 a 4500 | ||
|---|---|---|---|
| 003 | EG-GiCUC | ||
| 008 | 061116s1999 sj g 000 0 ara d | ||
| 017 | _a99 / 10698 | ||
| 040 |
_aEG-GiCUC _bara _cEG-GiCUC |
||
| 043 | _af-sj--- | ||
| 050 | 4 |
_aDT159.673. _bM31 1999 |
|
| 092 | 0 | 4 |
_a320.5509624 _bM2358 1999 _221 |
| 099 |
_a04 _a320.5509624 M2358 1999 |
||
| 100 | 1 | _aمكى : حسن | |
| 245 | 1 | 2 |
_aالحركة الاسلامية فى السودان _b 1969-1985م : تاريخها وخطابها السياسى / _cحسن مكى |
| 250 | _aط2 | ||
| 260 |
_aالسودان : _bالدار السودانية للكتب : _c1999 |
||
| 300 |
_a350ص ؛ _c24سم |
||
| 504 | _aيشتمل على ارجاعات ببليوجرافية | ||
| 650 | 7 |
_aالاسلام والسياسة _zالسودان _2qrmak |
|
| 651 | 7 |
_aالسودان _xالسياسة و الحكومة _y1956-1985 _2qrmak |
|
| 902 | _a3 | ||
| 905 |
_aامل _eمدخل |
||
| 942 |
_2ddc _cBK |
||
| 999 |
_c89167 _d89167 |
||